| 000 | 00444nam a2200133Ia 4500 | ||
|---|---|---|---|
| 008 | 230917s9999||||xx |||||||||||||| ||und|| | ||
| 040 |
_e91458 _aMAIN |
||
| 041 | _aEnglish | ||
| 082 | _a370.1523 D954C | ||
| 100 | _aDutt, Suresh Chander | ||
| 245 | 0 | _aComparative study of relative effectiveness of different methods of assertiveness training on students anxiety self concept and introversion-extroversion | |
| 300 | _aiii, 49 p. | ||
| 942 | _cTH | ||
| 999 |
_c86706 _d86706 |
||